Curso de caminos i ferrocarriles profesado en la Universidad de Chile

Kaydedildi:
Detaylı Bibliyografya
Yazar: Santa María, Domingo Víctor (Yazar)
Materyal Türü: Kitap
Dil:İspanyolca
Baskı/Yayın Bilgisi: Santiago Autolitografía E. Ordenes 1907
Konular:
Etiketler: Etiketle
Etiket eklenmemiş, İlk siz ekleyin!

MARC

LEADER 00000nam a2200000 a 4500
001 UCH2818
003 CL-VaPUC
008 090702e19070000CL |||||||||||||||||spa|d
082 0 4 |a 385  |b SAN  |2 21 
100 0 |a Santa María, Domingo Víctor  |e author  |9 504235 
245 1 0 |a Curso de caminos i ferrocarriles profesado en la Universidad de Chile 
300 |a v 
942 |c BK 
945 |d 20090702 00:00:00  |a rbrito 
260 |a Santiago  |b Autolitografía E. Ordenes  |c 1907 
650 0 |a Transporte Ferroviario  |9 353259 
650 0 |a Ferrocarriles  |9 260933 
650 7 |a TRANSPORTE DE PASAJEROS  |2 CL-VaPUC  |9 260885 
650 0 |a Fuentes Históricas  |9 265141 
583 |a last modification  |c 20090702 00:00:00  |k Rodrigo Vera 
999 |c 334508  |d 334506 
952 |0 0  |1 0  |4 0  |6 385_000000000000000_SAN_1907  |7 0  |8 X  |9 423588  |a FDOBUD  |b FDOBUD  |d 2019-11-22  |h v.2  |i 4568052  |o 385 SAN 1907  |p 4568052  |r 2019-11-22  |w 2019-11-22  |y BK_X  |k BUD